000 00722nam a22002177a 4500
005 20130408111512.0
008 130408b xxu||||| |||| 00| 0 eng d
010 _aENG-106805
020 _a9789381084168
_c800.00
035 _aEN-90338
037 _bDBAD/PUB
040 _aDPL
_bEng
082 _a320.5320954
100 _aChatterjee, Souvik
245 _aNaxalism :
_cby Souvik Chatterjee
_ba threat to Indian internal security /
260 _aDelhi
_bSwastik Publications
_c2012
270 _a31, Gali No. 1, A-Block, Pocket-5, Crp Water Tank, Sonia Vihar
_bDelhi
_e110094
300 _a264p.
_c22cm(Hb)
500 _aIncludes bibliographical references
942 _2ddc
_cEN
_h320.5320954
_mCHA
999 _c74289
_d74289